| 000 | 00457nam a2200181Ia 4500 | ||
|---|---|---|---|
| 001 | 56123 | ||
| 008 | 130204n ii |||gr||||Z||||||465 | ||
| 082 | _a891.412 | ||
| 100 | _aSarmah,N C. | ||
| 245 | 0 |
_aKumar Haran Kavya _cN C Sarmah _hTextual Documents |
|
| 250 | _a5th edn--2013. | ||
| 260 |
_aGhy: _bBani Prakash Pvt Ltd. |
||
| 300 |
_a278pg: _c23cm. |
||
| 653 | _aAssamese | ||
| 653 | _aRomantic Kavya | ||
| 653 | _aDeptt-Assamese | ||
| 942 |
_2ddc _cBK |
||
| 999 |
_c56047 _d56047 |
||